| 000 | 01335nmm a2200349 a 4500 | ||
|---|---|---|---|
| 001 | ocm0001864470 | ||
| 003 | TR-IsHL | ||
| 005 | 20201028171259.0 | ||
| 008 | 180302s2016 tu tur | ||
| 007 | cr cn | ||
| 020 | _a9786059143301 | ||
| 035 |
_a1864470 _b(N$T) |
||
| 050 | 0 | 4 |
_aBF149 _b.T49 2016 |
| 090 | 0 | 4 |
_aBF149 _b.T49 2016 |
| 100 | 1 | _aTevfik, Baha | |
| 245 | 1 | 0 |
_aBilim ve edebiyatta yenileşme = _b(Teceddüd-ü 'ilmi ve edebi) _h[electronic resource] / _cBaha Tevfik ; sadeleştiren ve yayına hazırlayanlar Bilal Yurtoğlu, Büşra Uzunay |
| 250 | _aBirinci basım | ||
| 260 |
_aİstanbul : _bHiperlik Yayınları, _c2016 |
||
| 300 | _a305 p. | ||
| 650 | 4 | _aFelsefe, Psikoloji ve Din | |
| 650 | 4 | _aPhilosophy, Psychology and Religion | |
| 650 | 0 |
_aPsikoloji _x Söylevler, denemeler, konferanslar |
|
| 650 | 0 |
_aPsychology _x Addresses, essays, lectures |
|
| 650 | 0 |
_aAhlak _x Söylevler,denemeler,konferanslar |
|
| 650 | 0 |
_aEthics _x Addresses, essays, lectures |
|
| 650 | 0 |
_aEdebiyat _x Söylevler, denemeler, konferanslar |
|
| 650 | 0 |
_aLiterature _x Addresses, essays, lectures |
|
| 650 | 7 |
_aPSYCHOLOGY / General _2bisacsh |
|
| 700 | 1 | _aYurtoğlu, Bilal | |
| 700 | 1 | _aUzunay, Büşra | |
| 856 | 4 | 0 | _uhttp://search.ebscohost.com/login.aspx?direct=true&scope=site&db=e011xww&AN=1864470 |
| 999 |
_c16666 _d16666 |
||